| 000 | 00556nam a2200193Ia 4500 | ||
|---|---|---|---|
| 999 |
_c41100 _d41100 |
||
| 001 | 7750 | ||
| 003 | GE_BSU | ||
| 005 | 20220923152529.0 | ||
| 008 | 181216s2012en xx |||||||||||||| ||eng|| | ||
| 040 | _cGE_BSU | ||
| 041 | _aeng | ||
| 080 | _a741.2 T-44 | ||
| 245 | 4 | _aThe big book of Draving: An introduction to essential materials and teqniques | |
| 264 |
_aNew York : _bWatson-Guptil, _c2012. |
||
| 300 |
_a240p. ; _bIll. _c27cm. |
||
| 653 | _aThe big book of Draving | ||
| 653 | _aნახატის დიდი წიგნი | ||
| 942 |
_cBK _2udc |
||